000 00478nam a2200181 i 4500
001 bg
100 1 _aGOSTYŃSKA, Maria D.
245 0 _aTerapia Wielkiego Ładu /
_cMaria D. Gostyńska.
260 _aKraków ; Wrocław :
_bWydaw. Literackie,
_c1984.
300 _a95, [4] s. ;
_c20 cm.
020 _a8308013813
040 _cBPK
041 _apol
080 _a82(091):615.85:1:028
920 _a83-08-01381-3
942 _cKS
008 s pl f |000 0 pol
999 _c22830
_d22830
856 _uhttp://koha.tu.koszalin.pl/cgi-bin/koha/opac-detail.pl?biblionumber=22830
_yKatalog online BPK